000
00289nam a2200121Ia 4500
008
190216s9999||||xx |||||||||||||| ||und||
100
_a
Alexander Pope
245
0
_a
Poetry And Prose
260
_b
Oxford University Press
_c
1964
300
_a
188p
650
_a
English Poetry
942
_c
BK
999
_c
11967
_d
11967